[Event "Sachsen-Anhalt-ch op"]
[Site "Magdeburg"]
[Date "2022.11.01"]
[Round "7"]
[White "Wohlrabe, Joerg"]
[Black "Tews, Steffen"]
[Result "0-1"]
[WhiteElo "1642"]
[BlackElo "1788"]
[PlyCount "164"]
[EventDate "2022.10.29"]
[EventType "swiss"]
[EventRounds "7"]
[EventCountry "GER"]
[SourceTitle "CBM 211 Extra"]
[Source "ChessBase"]
[SourceDate "2023.01.31"]
[SourceVersion "1"]
[SourceVersionDate "2023.01.31"]
[SourceQuality "1"]

1. e4 g6 2. d4 Bg7 3. Nf3 c6 4. Bd3 d5 5. exd5 cxd5 6. c3 Bg4 7. h3 Bxf3 8. Qxf3 e6 9. 0-0 Nh6 10. Nd2 0-0 11. Qd1 Qc7 12. Nf3 Nd7 13. Re1 Nf5 14. Bxf5 gxf5 15. Bg5 Nf6 16. Qc1 Ne4 17. Bh6 f6 18. Bf4 Qf7 19. Nd2 e5 20. Nxe4 fxe4 21. Be3 f5 22. dxe5 Bxe5 23. Bh6 Rfc8 24. Qd2 Rc6 25. Be3 Bc7 26. Rad1 Rd8 27. Bf4 Rg6 28. Kh1 Bb6 29. g3 d4 30. cxd4 Rxd4 31. Qe2 Qxa2 32. Rxd4 Bxd4 33. Rd1 Bg7 34. Qb5 Qf7 35. Rd2 Rb6 36. Rd8+ Bf8 37. Qe5 Qf6 38. Qb8 a6 39. Be5 Qe7 40. Re8 Qc5 41. Bd4 Qxd4 42. Rxf8+ Kg7 43. Rg8+ Kf6 44. Qf8+ Ke6 45. Qe8+ Kd6 46. Qd8+ Kc5 47. Qc7+ Kb5 48. Rd8 Qc5 49. Qd7+ Ka5 50. Qd2+ Qb4 51. Qd5+ Rb5 52. Qa2+ Kb6 53. Qe6+ Ka7 54. Qc8 Qxb2 55. Qb8+ Kb6 56. Rd6+ Ka5 57. Qd8+ b6 58. Rd2 Qb3 59. Qd4 Rb4 60. Qa1+ Ra4 61. Qe5+ b5 62. Qc7+ Kb4 63. Qd6+ Kc3 64. Rd1 Qc2 65. Qc5+ Kb3 66. Qe3+ Qc3 67. Rb1+ Ka2 68. Qxc3 Kxb1 69. Kg2 Ra2 70. Kf1 Rc2 71. Qb3+ Rb2 72. Qd1+ Ka2 73. Qd5+ Ka3 74. Qxf5 a5 75. Qxe4 b4 76. f4 b3 77. f5 Rh2 78. Qd3 Ka2 79. Qc4 Ka3 80. Qc3 a4 81. f6 Rc2 82. Qd3 Rc1+ 0-1

[Event "Bremen Silvester op"]
[Site "Bremen"]
[Date "2019.12.27"]
[Round "1"]
[White "Brinkmann, Fabian"]
[Black "Wohlrabe, Joerg"]
[Result "1-0"]
[WhiteElo "2148"]
[BlackElo "1751"]
[PlyCount "57"]
[EventDate "2019.12.27"]
[EventType "swiss"]
[EventRounds "7"]
[EventCountry "GER"]
[SourceTitle "CBM 194 Extra"]
[Source "ChessBase"]
[SourceDate "2020.03.31"]
[SourceVersion "1"]
[SourceVersionDate "2020.03.31"]
[SourceQuality "1"]

1. e4 e6 2. d4 b6 3. Bd3 Bb7 4. Qe2 Be7 5. Nf3 d6 6. 0-0 Nd7 7. c4 c5 8. Nc3 cxd4 9. Nxd4 a6 10. Bd2 Rc8 11. f4 Bf6 12. Nf3 Ne7 13. Rad1 Qc7 14. Kh1 0-0 15. Rc1 Qb8 16. Bb1 Rfd8 17. Be1 Ng6 18. Bg3 Qa8 19. h4 Ngf8 20. e5 Bxf3 21. Rxf3 Be7 22. Rcf1 Ng6 23. h5 Ngf8 24. exd6 Bxd6 25. f5 Bxg3 26. Rxg3 Qc6 27. Qg4 g6 28. fxg6 fxg6 29. hxg6 1-0

[Event "Hofheim Spring op-B 6th"]
[Site "Hofheim"]
[Date "2018.04.06"]
[Round "7"]
[White "Ploder, Udo"]
[Black "Wohlrabe, Joerg"]
[Result "1/2-1/2"]
[WhiteElo "1899"]
[BlackElo "1755"]
[PlyCount "41"]
[EventDate "2018.04.03"]
[EventType "swiss"]
[EventRounds "9"]
[EventCountry "GER"]
[SourceTitle "EXT 2020"]
[Source "ChessBase"]
[SourceDate "2019.10.17"]
[SourceVersion "1"]
[SourceVersionDate "2019.10.17"]
[SourceQuality "1"]

1. e4 e6 2. d4 b6 3. Nf3 Bb7 4. Bd3 Be7 5. c4 d6 6. Qe2 Nd7 7. Nc3 Ngf6 8. 0-0 0-0 9. e5 Bxf3 10. gxf3 dxe5 11. dxe5 Nxe5 12. Bxh7+ Nxh7 13. Qxe5 Bd6 14. Qh5 f5 15. Nb5 Be5 16. Re1 Qf6 17. f4 Bd6 18. Bd2 Rfe8 19. Bc3 Qf7 20. Qxf7+ Kxf7 21. Be5 1/2-1/2

[Event "Hofheim Spring op-B 6th"]
[Site "Hofheim"]
[Date "2018.04.06"]
[Round "6"]
[White "Wohlrabe, Joerg"]
[Black "Stuhlmann, Florian"]
[Result "1/2-1/2"]
[WhiteElo "1755"]
[BlackElo "1817"]
[PlyCount "137"]
[EventDate "2018.04.03"]
[EventType "swiss"]
[EventRounds "9"]
[EventCountry "GER"]
[SourceTitle "EXT 2020"]
[Source "ChessBase"]
[SourceDate "2019.10.17"]
[SourceVersion "1"]
[SourceVersionDate "2019.10.17"]
[SourceQuality "1"]

1. e4 c5 2. Nf3 e6 3. d4 cxd4 4. Nxd4 Nc6 5. Nxc6 bxc6 6. Bd3 Qc7 7. Be3 Nf6 8. 0-0 Bb4 9. c3 Ba5 10. Nd2 Bb6 11. Bg5 a5 12. Nc4 Ba7 13. Qf3 d5 14. Bf4 Qe7 15. exd5 cxd5 16. Nd6+ Kf8 17. Nxc8 Rxc8 18. Bg5 h6 19. Bh4 Bb8 20. Ba6 Rc6 21. Bb5 Rb6 22. a4 g5 23. Bg3 Ne4 24. Bxb8 Rxb8 25. Rad1 Nd6 26. Qe2 Kg7 27. Rxd5 Nxb5 28. Rxb5 Rxb5 29. Qxb5 Qc7 30. Rb1 Rd8 31. Qe2 Qb6 32. h3 Rd5 33. b3 Qd6 34. Re1 Kf6 35. c4 Rd2 36. Qf3+ Kg6 37. g3 Rd3 38. Re3 Rd1+ 39. Kg2 Kg7 40. Qe4 Rd2 41. Qe5+ Kf8 42. Qxd6+ Rxd6 43. Rc3 Ke7 44. Kf3 Rd2 45. g4 Kd6 46. Ke3 Rb2 47. f4 Kc5 48. fxg5 hxg5 49. Ke4 Re2+ 50. Kf3 Rh2 51. Kg3 Rb2 52. h4 gxh4+ 53. Kxh4 Rf2 54. Kg3 Rf1 55. Kg2 Rf4 56. Kg3 Rf1 57. Kh4 Rf2 58. Rd3 Kb4 59. Re3 Rf4 60. Kg5 Rd4 61. Rf3 f5 62. gxf5 exf5 63. Kxf5 Rd8 64. Ke6 Kc5 65. Rf5+ Kb6 66. Rb5+ Ka6 67. c5 Rh8 68. c6 Rh6+ 69. Kd7 1/2-1/2

[Event "Hofheim Spring op-B 6th"]
[Site "Hofheim"]
[Date "2018.04.05"]
[Round "5"]
[White "Wuestehube, Harry"]
[Black "Wohlrabe, Joerg"]
[Result "1/2-1/2"]
[WhiteElo "1901"]
[BlackElo "1755"]
[PlyCount "85"]
[EventDate "2018.04.03"]
[EventType "swiss"]
[EventRounds "9"]
[EventCountry "GER"]
[SourceTitle "EXT 2020"]
[Source "ChessBase"]
[SourceDate "2019.10.17"]
[SourceVersion "1"]
[SourceVersionDate "2019.10.17"]
[SourceQuality "1"]

1. e4 e6 2. d3 b6 3. Nf3 Bb7 4. Nbd2 d6 5. g3 Be7 6. Bg2 Nd7 7. 0-0 e5 8. d4 Ngf6 9. Re1 0-0 10. c3 a5 11. Qe2 Re8 12. Nh4 g6 13. Nf1 Nh5 14. Nf3 Bf8 15. h4 Ng7 16. Bh6 Ne6 17. Bxf8 Rxf8 18. Rad1 Qe7 19. N1h2 h5 20. Qd2 f6 21. Bh3 Kg7 22. a3 Ra7 23. Qc2 Rfa8 24. Nf1 Ndf8 25. Bg2 Nd8 26. Ne3 Qf7 27. Rd2 Qe8 28. Nd5 Bc8 29. dxe5 fxe5 30. Qd3 Nde6 31. Qe3 Nh7 32. Rdd1 Qf7 33. Kh2 Bd7 34. Rd2 Nc5 35. Ng5 Nxg5 36. Qxg5 Rf8 37. f4 Ne6 38. Qe7 Qxe7 39. Nxe7 exf4 40. gxf4 Rxf4 41. e5 Rxh4+ 42. Kg3 Rg4+ 43. Kh2 1/2-1/2

[Event "Hofheim Spring op-B 6th"]
[Site "Hofheim"]
[Date "2018.04.04"]
[Round "2"]
[White "Wohlrabe, Joerg"]
[Black "Sever, Mustafa Batuhan"]
[Result "0-1"]
[WhiteElo "1755"]
[BlackElo "1838"]
[PlyCount "50"]
[EventDate "2018.04.03"]
[EventType "swiss"]
[EventRounds "9"]
[EventCountry "GER"]
[SourceTitle "EXT 2020"]
[Source "ChessBase"]
[SourceDate "2019.10.17"]
[SourceVersion "1"]
[SourceVersionDate "2019.10.17"]
[SourceQuality "1"]

1. e4 c5 2. Nf3 e6 3. d4 cxd4 4. Nxd4 Nf6 5. Bd3 Nc6 6. Nxc6 bxc6 7. 0-0 d5 8. exd5 cxd5 9. c3 Be7 10. Nd2 0-0 11. Nf3 Qc7 12. Re1 Bd6 13. h3 e5 14. Bb1 Bb7 15. Bg5 Nd7 16. Nh4 g6 17. Bh6 Rfe8 18. Qg4 e4 19. Bc2 f5 20. Nxf5 Ne5 21. Qg5 Nf7 22. Nxd6 Nxg5 23. Nxe8 Nxh3+ 24. gxh3 Rxe8 25. Be3 Qd7 0-1

[Event "Niedersachsen-ch op B"]
[Site "Verden"]
[Date "2018.01.07"]
[Round "7"]
[White "Stelljes, Fabian"]
[Black "Wohlrabe, Joerg"]
[Result "1/2-1/2"]
[WhiteElo "1542"]
[BlackElo "1651"]
[PlyCount "100"]
[EventDate "2018.01.04"]
[EventType "swiss"]
[EventRounds "7"]
[EventCountry "GER"]
[SourceTitle "EXT 2022"]
[Source "ChessBase"]
[SourceDate "2021.10.06"]
[SourceVersion "1"]
[SourceVersionDate "2021.10.06"]
[SourceQuality "1"]

1. e4 e6 2. Nc3 b6 3. d4 Bb7 4. Bf4 Bb4 5. f3 d5 6. exd5 Bxd5 7. Bb5+ Bc6 8. Bxc6+ Nxc6 9. Nge2 Nf6 10. Qd3 a6 11. 0-0-0 Bd6 12. Rhe1 0-0 13. Bxd6 Qxd6 14. Ng3 b5 15. Nce4 Nxe4 16. Nxe4 Qf4+ 17. Kb1 Rfd8 18. c3 Ne7 19. g3 Qh6 20. Qe3 Qxe3 21. Rxe3 Nd5 22. Red3 Nb6 23. Kc2 a5 24. Nc5 Rd5 25. Re1 a4 26. Re5 c6 27. f4 Nc4 28. Rxd5 exd5 29. Rd1 Re8 30. Kc1 Re2 31. b3 axb3 32. axb3 Ne3 33. Rd3 Nf1 34. h3 Re3 35. Rxe3 Nxe3 36. Nd7 Nf5 37. g4 Ng3 38. Nb8 Ne2+ 39. Kd2 Nxf4 40. Nxc6 Nxh3 41. Ne7+ Kf8 42. Nxd5 Nf2 43. Ne3 g6 44. c4 bxc4 45. bxc4 Ke8 46. Ke2 Ne4 47. Kf3 Nd2+ 48. Kf4 h5 49. gxh5 gxh5 50. Kg5 h4 1/2-1/2

[Event "Niedersachsen-ch op B"]
[Site "Verden"]
[Date "2018.01.05"]
[Round "4"]
[White "Wohlrabe, Joerg"]
[Black "Pfeifer, Frank"]
[Result "1-0"]
[WhiteElo "1651"]
[BlackElo "1479"]
[PlyCount "61"]
[EventDate "2018.01.04"]
[EventType "swiss"]
[EventRounds "7"]
[EventCountry "GER"]
[SourceTitle "EXT 2022"]
[Source "ChessBase"]
[SourceDate "2021.10.06"]
[SourceVersion "1"]
[SourceVersionDate "2021.10.06"]
[SourceQuality "1"]

1. e4 Nf6 2. e5 Nd5 3. d4 Nb6 4. Nf3 d5 5. Be2 Bf5 6. b3 e6 7. 0-0 Be7 8. Bb2 a6 9. a4 Nc6 10. c3 g5 11. h3 h5 12. Nh2 Kd7 13. Bxh5 Qg8 14. Bg4 Qh7 15. Bxf5 Qxf5 16. Bc1 Rag8 17. Ng4 Kc8 18. Ba3 Nd7 19. Bxe7 Nxe7 20. b4 Rh4 21. Nd2 Rgh8 22. f3 Ng6 23. Qb1 Qf4 24. Qe1 Qf5 25. Qb1 Qf4 26. Rf2 Rxh3 27. gxh3 Qg3+ 28. Rg2 Qxh3 29. Nf2 Qh4 30. Nf1 Nf4 31. Rh2 1-0

[Event "Vellmar op 9th"]
[Site "Vellmar"]
[Date "2017.07.13"]
[Round "1"]
[White "Hehn, Hartmut"]
[Black "Wohlrabe, Joerg"]
[Result "1-0"]
[WhiteElo "2012"]
[BlackElo "1791"]
[PlyCount "61"]
[EventDate "2017.07.13"]
[EventType "swiss"]
[EventRounds "7"]
[EventCountry "GER"]
[SourceTitle "CBM 179 Extra"]
[Source "ChessBase"]
[SourceDate "2017.08.23"]
[SourceVersion "1"]
[SourceVersionDate "2017.08.23"]
[SourceQuality "1"]

1. Nf3 Nf6 2. d4 e6 3. g3 Be7 4. Bg2 d6 5. c4 Nbd7 6. Nc3 a6 7. 0-0 0-0 8. Qc2 Re8 9. e4 Nf8 10. e5 N6d7 11. h4 c6 12. Rd1 dxe5 13. dxe5 Qc7 14. Qe4 Ng6 15. Re1 Bb4 16. Bd2 Be7 17. h5 Ngf8 18. h6 Ng6 19. hxg7 Kxg7 20. Qe3 Kg8 21. Qh6 Bf8 22. Qh5 Bg7 23. Ng5 Ndf8 24. f4 Qb6+ 25. Be3 Qc7 26. Nce4 h6 27. Nf6+ Bxf6 28. exf6 Qd8 29. Ne4 Nh7 30. Rad1 Nxf6 31. Rxd8 1-0

[Event "Gelsenkirchen Silvester op 2nd"]
[Site "Gelsenkirchen"]
[Date "2014.12.28"]
[Round "4"]
[White "Wohlrabe, Joerg"]
[Black "Sicars, Thorsten"]
[Result "0-1"]
[WhiteElo "1871"]
[BlackElo "2092"]
[PlyCount "106"]
[EventDate "2014.12.27"]
[EventType "swiss"]
[EventRounds "5"]
[EventCountry "GER"]
[SourceTitle "EXT 2019"]
[Source "ChessBase"]
[SourceDate "2018.10.10"]
[SourceVersion "1"]
[SourceVersionDate "2018.10.10"]
[SourceQuality "1"]

1. e4 c6 2. d4 d5 3. exd5 cxd5 4. Nf3 Nf6 5. Be2 Qc7 6. c3 Nc6 7. 0-0 Bf5 8. Be3 e6 9. Nbd2 Bd6 10. h3 h6 11. Re1 g5 12. Nf1 0-0-0 13. Bd3 Bxd3 14. Qxd3 g4 15. hxg4 Nxg4 16. Bc1 Kb8 17. Re2 Rdg8 18. Ne1 h5 19. a4 Ne7 20. b4 Ng6 21. a5 Bh2+ 22. Kh1 Bf4 23. Qf3 Bxc1 24. Rxc1 Rc8 25. Nd3 Nh4 26. Qh3 Nf5 27. Kg1 Nd6 28. Nc5 Ka8 29. f3 Nf6 30. Ne3 Nb5 31. Qh4 Qd8 32. Kf1 Ne8 33. Qf4 Ned6 34. c4 dxc4 35. Nxc4 Nxc4 36. Rxc4 Nd6 37. Rcc2 Nf5 38. Red2 Qd5 39. Kf2 h4 40. Kg1 Rhd8 41. Kf2 Rh8 42. Kg1 Rhg8 43. Rb2 Rcd8 44. Rd3 Rc8 45. Re2 Qc4 46. Qd2 Ne7 47. Re1 Nd5 48. b5 Rcd8 49. Re4 Rh8 50. Qg5 Nb4 51. Rd1 Qc2 52. Rc1 Qb2 53. Ree1 Rdg8 0-1

[Event "Bielefeld Gr3"]
[Site "Bielefeld"]
[Date "2007.05.27"]
[Round "4"]
[White "Wohlrabe, Joerg"]
[Black "Schulte, Jens"]
[Result "1-0"]
[WhiteElo "1908"]
[BlackElo "2005"]
[PlyCount "89"]
[EventDate "2007.05.25"]
[EventType "tourn"]
[EventRounds "7"]
[EventCountry "GER"]
[SourceTitle "EXT 2008"]
[Source "ChessBase"]
[SourceDate "2007.11.25"]
[SourceVersion "1"]
[SourceVersionDate "2007.11.25"]
[SourceQuality "1"]

1. e4 c6 2. d4 d5 3. exd5 cxd5 4. Nf3 Bg4 5. Be2 Nc6 6. c3 Nf6 7. Bg5 Ne4 8. Bf4 Qb6 9. Qc2 e6 10. 0-0 Be7 11. Nbd2 Nf6 12. Bd3 Bxf3 13. Nxf3 Rc8 14. Qb1 Na5 15. Nd2 Nc4 16. Nxc4 dxc4 17. Bc2 0-0 18. h3 Qb5 19. Re1 Rfd8 20. Be5 g6 21. a4 Qa5 22. Qd1 Nd7 23. Qf3 Nxe5 24. Rxe5 Qc7 25. Re2 Bd6 26. g4 b6 27. h4 Bh2+ 28. Kh1 Qf4 29. Qg2 h5 30. gxh5 Qxh4 31. Qxh2 Qf6 32. Qg3 Rd5 33. Re5 Kg7 34. Rxd5 exd5 35. Re1 Rh8 36. Re5 Qd6 37. Kg2 Rh6 38. hxg6 fxg6 39. Qe3 Rh4 40. Qg5 Rh5 41. Qe7+ Qxe7 42. Rxe7+ Kf6 43. Rxa7 Rg5+ 44. Kf3 Rh5 45. Rb7 1-0

[Event "Bielefeld Gr3"]
[Site "Bielefeld"]
[Date "2007.05.26"]
[Round "2"]
[White "Wohlrabe, Joerg"]
[Black "Meissner, Felix"]
[Result "1/2-1/2"]
[WhiteElo "1908"]
[BlackElo "2019"]
[PlyCount "24"]
[EventDate "2007.05.25"]
[EventType "tourn"]
[EventRounds "7"]
[EventCountry "GER"]
[SourceTitle "EXT 2008"]
[Source "ChessBase"]
[SourceDate "2007.11.25"]
[SourceVersion "1"]
[SourceVersionDate "2007.11.25"]
[SourceQuality "1"]

1. e4 c5 2. Nf3 d6 3. d4 cxd4 4. Nxd4 Nf6 5. Nc3 a6 6. Bd3 e5 7. Nb3 Be6 8. 0-0 h6 9. h3 Be7 10. Be3 Nbd7 11. Nd2 Qc7 12. Qf3 Nb6 1/2-1/2

[Event "Baunatal op 8th"]
[Site "Baunatal"]
[Date "2002.08.10"]
[Round "3"]
[White "Haase, Wolfgang"]
[Black "Wohlrabe, Joerg"]
[Result "1-0"]
[WhiteElo "2051"]
[BlackElo "1691"]
[PlyCount "47"]
[EventDate "2002.08.09"]
[EventType "swiss"]
[EventRounds "7"]
[EventCountry "GER"]
[SourceTitle "EXT 2003"]
[Source "ChessBase"]
[SourceDate "2002.11.25"]
[SourceVersion "1"]
[SourceVersionDate "2002.11.25"]
[SourceQuality "1"]

1. e4 e6 2. Qe2 b6 3. f4 Bb7 4. Nf3 Nf6 5. d3 d6 6. b3 Nbd7 7. Bb2 Be7 8. Nbd2 a5 9. a4 Ba6 10. g3 c6 11. Bh3 b5 12. Nd4 Rc8 13. Bxe6 fxe6 14. Nxe6 Qb6 15. Nxg7+ Kf7 16. Nf5 Rhe8 17. g4 Kg6 18. g5 Nd5 19. Nh4+ Kf7 20. Qh5+ Kg8 21. Nf5 Bf8 22. g6 h6 23. g7 Bxg7 24. Qg6 1-0

[Event "Baunatal op 8th"]
[Site "Baunatal"]
[Date "2002.08.09"]
[Round "2"]
[White "Wohlrabe, Joerg"]
[Black "Plietz, Burckhard"]
[Result "1-0"]
[WhiteElo "1691"]
[BlackElo "1326"]
[PlyCount "73"]
[EventDate "2002.08.09"]
[EventType "swiss"]
[EventRounds "7"]
[EventCountry "GER"]
[SourceTitle "EXT 2003"]
[Source "ChessBase"]
[SourceDate "2002.11.25"]
[SourceVersion "1"]
[SourceVersionDate "2002.11.25"]
[SourceQuality "1"]

1. e4 e6 2. d4 c6 3. Nf3 h6 4. Bd3 b5 5. Bd2 a5 6. 0-0 Ba6 7. Qe1 b4 8. Bxa6 Nxa6 9. c3 Be7 10. e5 c5 11. Be3 d5 12. exd6 Bxd6 13. dxc5 Bxc5 14. Bxc5 Nxc5 15. cxb4 axb4 16. Qxb4 Qa5 17. Qxa5 Rxa5 18. b4 Nb3 19. bxa5 Nxa1 20. a6 Ne7 21. Na3 0-0 22. Rxa1 Ra8 23. Nc4 Rxa6 24. a4 f6 25. Kf1 Nd5 26. a5 g5 27. Rb1 Kf7 28. Rb7+ Kg6 29. Rd7 Kf5 30. Rd6 Ra7 31. Nd4+ Ke4 32. Nxe6 f5 33. f3+ Kd3 34. Nb6 Ke3 35. Rxd5 Rc7 36. Nxc7 g4 37. Nc4+ 1-0

[Event "Baunatal op 7th"]
[Site "Baunatal"]
[Date "2001.08.14"]
[Round "5"]
[White "Kachel, Alfred"]
[Black "Wohlrabe, Joerg"]
[Result "1-0"]
[WhiteElo "1997"]
[BlackElo "1747"]
[PlyCount "71"]
[EventDate "2001.08.08"]
[EventType "swiss"]
[EventRounds "7"]
[EventCountry "GER"]
[SourceTitle "EXT 2002"]
[Source "ChessBase"]
[SourceDate "2001.11.25"]
[SourceVersion "1"]
[SourceVersionDate "2001.11.25"]
[SourceQuality "1"]

1. d4 e6 2. c4 b6 3. Nf3 Bb7 4. Nc3 Nf6 5. a3 Be7 6. Bg5 d6 7. Qc2 Nbd7 8. e4 h6 9. Bd2 c5 10. d5 e5 11. Bd3 Nf8 12. g3 N6h7 13. 0-0-0 Ng5 14. Nh4 Bc8 15. Be2 Nh3 16. Rhf1 Bxh4 17. gxh4 Qxh4 18. f4 exf4 19. e5 dxe5 20. Nb5 Qd8 21. Qe4 Ng6 22. d6 Rb8 23. Nc7+ Kf8 24. Bc3 Ng5 25. Qc2 Ne6 26. Bh5 Nd4 27. Bxd4 cxd4 28. c5 bxc5 29. Qxc5 Qd7 30. Bxg6 Rb6 31. Qxe5 Rxd6 32. Rde1 Qxc7+ 33. Kb1 Qd8 34. Rxf4 Rxg6 35. Rxd4 Bd7 36. Rxd7 1-0

[Event "Baunatal op 7th"]
[Site "Baunatal"]
[Date "2001.08.09"]
[Round "2"]
[White "Just, Wolfgang"]
[Black "Wohlrabe, Joerg"]
[Result "1-0"]
[WhiteElo "2167"]
[BlackElo "1747"]
[PlyCount "81"]
[EventDate "2001.08.08"]
[EventType "swiss"]
[EventRounds "7"]
[EventCountry "GER"]
[SourceTitle "EXT 2002"]
[Source "ChessBase"]
[SourceDate "2001.11.25"]
[SourceVersion "1"]
[SourceVersionDate "2001.11.25"]
[SourceQuality "1"]

1. b3 Nf6 2. Bb2 e6 3. e3 b6 4. f4 Bb7 5. Nf3 Be7 6. Nc3 0-0 7. Bd3 d5 8. Ne2 Ba6 9. Ne5 Bxd3 10. cxd3 Bd6 11. 0-0 Bxe5 12. Bxe5 Nbd7 13. Bxf6 Nxf6 14. Rc1 Rc8 15. Rc6 Nd7 16. Qc2 Nc5 17. Rc1 Qd7 18. Nd4 f6 19. b4 e5 20. bxc5 exd4 21. cxb6 dxe3 22. b7 exd2 23. Qxd2 Rb8 24. Rxc7 Qb5 25. Qe3 Rxb7 26. Qe7 Rxc7 27. Rxc7 Qb1+ 28. Kf2 Qb2+ 29. Kf3 f5 30. Qe5 Qxe5 31. fxe5 d4 32. Rxa7 g5 33. a4 Re8 34. Ra5 h5 35. h4 gxh4 36. Kf4 Re7 37. Ra8+ Kh7 38. Kxf5 Rg7 39. e6 Rxg2 40. e7 Rf2+ 41. Kg5 1-0

[Event "Baunatal op 7th"]
[Site "Baunatal"]
[Date "2001.08.09"]
[Round "3"]
[White "Wohlrabe, Joerg"]
[Black "Polenz, Frederik"]
[Result "1-0"]
[WhiteElo "1747"]
[BlackElo "2021"]
[PlyCount "83"]
[EventDate "2001.08.08"]
[EventType "swiss"]
[EventRounds "7"]
[EventCountry "GER"]
[SourceTitle "EXT 2002"]
[Source "ChessBase"]
[SourceDate "2001.11.25"]
[SourceVersion "1"]
[SourceVersionDate "2001.11.25"]
[SourceQuality "1"]

1. e4 d6 2. d4 Nf6 3. Nc3 e5 4. dxe5 dxe5 5. Qxd8+ Kxd8 6. Bg5 Be6 7. 0-0-0+ Nbd7 8. g3 Be7 9. f4 Ng4 10. Bxe7+ Kxe7 11. f5 Nf2 12. fxe6 fxe6 13. Bg2 Nxd1 14. Nxd1 b5 15. Nf3 c5 16. Nf2 h5 17. Nd3 c4 18. Ndxe5 Nxe5 19. Nxe5 Kf6 20. Nc6 e5 21. Rf1+ Ke6 22. Rd1 g5 23. Rd5 a6 24. Rxe5+ Kd6 25. Rxg5 Kxc6 26. e5+ Kd7 27. Bxa8 Rxa8 28. Rxh5 Ke6 29. h4 Rf8 30. Rh6+ Kxe5 31. Rxa6 b4 32. Ra4 c3 33. bxc3 bxc3 34. Rf4 Rg8 35. Rf3 Kd4 36. h5 Ra8 37. a4 Re8 38. Kd1 Rb8 39. Ke2 Re8+ 40. Kf2 Rb8 41. Rf4+ Kd5 42. Ke3 1-0